| Tag |
First Indicator |
Second Indicator |
Subfields |
| LEADER |
00000nam a2200000 i 4500 |
| 001 |
in00004683021 |
| 006 |
m o d |
| 007 |
cr ||||||||||| |
| 008 |
150626s2016 nju ob 001 0 eng |
| 005 |
20260214201549.1 |
| 010 |
|
|
|a 2015025612
|
| 020 |
|
|
|a 9781118946152
|q (ePub)
|
| 020 |
|
|
|a 1118946154
|q (ePub)
|
| 020 |
|
|
|a 9781118946169
|q (Adobe PDF)
|
| 020 |
|
|
|a 1118946162
|q (Adobe PDF)
|
| 020 |
|
|
|a 9781118946183
|
| 020 |
|
|
|a 1118946189
|
| 020 |
|
|
|a 1118946146
|q (cloth)
|
| 020 |
|
|
|a 9781118946145
|q (cloth)
|
| 020 |
|
|
|z 9781118946145
|q (cloth)
|
| 035 |
|
|
|a wil6007436
|
| 035 |
|
|
|a (DLC)wil6007436
|
| 040 |
|
|
|a DLC
|b eng
|e rda
|e pn
|c DLC
|
| 042 |
|
|
|a pcc
|
| 050 |
0 |
0 |
|a TA418.76
|b .B57 2016
|
| 072 |
|
7 |
|a TEC
|x 009010
|2 bisacsh
|
| 082 |
0 |
0 |
|a 667/.9
|2 23
|
| 100 |
1 |
|
|a Bishop, Charles A.
|
| 245 |
1 |
0 |
|a Roll-to-roll vacuum deposition of barrier coatings /
|c Charles A. Bishop.
|
| 250 |
|
|
|a 2nd edition.
|
| 264 |
|
1 |
|a Hoboken, New Jersey :
|b John Wiley & Sons Inc.,
|c [2015]
|
| 300 |
|
|
|a 1 online resource
|
| 336 |
|
|
|a text
|b txt
|2 rdacontent
|
| 337 |
|
|
|a computer
|b n
|2 rdamedia
|
| 338 |
|
|
|a online resource
|b nc
|2 rdacarrier
|
| 504 |
|
|
|a Includes bibliographical references and index.
|
| 588 |
0 |
|
|a Print version record and CIP data provided by publisher.
|
| 505 |
0 |
|
|a Cover; Title Page; Copyright Page; Contents; Biography; Acknowledgements; Preface; 1 Introduction; 1.1 Packaging; 1.1.1 Opaque Barrier; 1.1.2 Transparent Barrier; 1.2 Markets; References; 2 Terminology; 2.1 Hansen Solubility Parameter; 2.2 Permeability Models; 2.3 Barrier Improvement Factor; 2.4 Tortuous Path Model; 2.5 Terminology Summary; References; 3 Measurements; 3.1 Permeation Measurements; 3.2 Durability Testing; 3.3 Adhesion; 3.4 Pinholes; 3.5 Surface Energy; 3.6 Coefficient of Friction; 3.7 Coating Thickness; 3.8 Coating Conductivity or Resistivity.
|
| 505 |
8 |
|
|a 3.9 Transmittance, Reflectance and Ellipseometry3.10 Standard Test Methods; 3.10.1 Permeability Tests; 3.10.2 Other Mechanical or Optical Performance Tests; References; 4 Materials; References; 5 Packaging Materials Calculations; 5.1 Demonstration Calculations; References; 6 Substrates, Surfaces, Quality and Defects; 6.1 Substrates; 6.1.1 Oligomers; 6.1.2 Additives; 6.1.3 Contamination; 6.1.4 Surface Quality; 6.2 Substrate Cleaning; 6.3 Substrate Plasma Treatments; 6.4 Wetting and Adhesion; 6.5 Subbing or Planarisation Layers and Over-Coatings; References; 7 Vacuum Deposition Processing.
|
| 505 |
8 |
|
|a 7.1 Nucleation, Growth and Modification7.2 Managing the Substrate Heat Load; 7.3 Web Winding in Vacuum; 7.4 Troubleshooting; References; 8 Vacuum Deposition; 8.1 Resistance Heated Evaporation; 8.2 Plasma Enhanced Chemical Vapour Deposition (PECVD); 8.3 Electron Beam Evaporation Sources; 8.4 Induction Heated Evaporation Source; 8.5 Magnetron Sputter Deposition Sources; 8.6 Atomic Layer Deposition (ALD); 8.7 Other Deposition Processes; References; 9 Summary; 9.1 Cleanliness; 9.2 Substrates; 9.3 Coatings; 9.4 Over Coatings; 9.5 Multilayers; 9.6 Conclusion; Index; EULA.
|
| 520 |
|
|
|a It is intended that the book will be a practical guide to provide any reader with the basic information to help them understand what is necessary in order to produce a good barrier coated web or to improve the quality of any existing barrier product. After providing an introduction, where the terminology is outlined and some of the science is given (keeping the mathematics to a minimum), including barrier testing methods, the vacuum deposition process will be described. In theory a thin layer of metal or glass-like material should be enough to convert any polymer film into a perfect barrie.
|
| 650 |
|
0 |
|a Protective coatings.
|
| 650 |
|
0 |
|a Vapor-plating.
|
| 650 |
|
0 |
|a Protective coverings.
|
| 655 |
|
4 |
|a Electronic books.
|
| 776 |
0 |
8 |
|i Print version:
|a Bishop, Charles A.
|t Roll-to-roll vacuum deposition of barrier coatings.
|b 2nd edition.
|d Hoboken, New Jersey : John Wiley & Sons Inc., [2015]
|z 9781118946145
|w (DLC) 2015025147
|
| 856 |
4 |
0 |
|u http://proxy.library.tamu.edu/login?url=https://onlinelibrary.wiley.com/book/10.1002/9781118946183
|z Connect to the full text of this electronic book
|t 0
|
| 955 |
|
|
|a Wiley EBA record
|
| 975 |
|
|
|p Wiley UBCM Full Collection 2026
|
| 999 |
f |
f |
|s ac3ac0fb-4541-47fe-82f8-5d7b5303b014
|i 26b1bca1-591c-4388-9a97-d009f5a29411
|t 0
|
| 952 |
f |
f |
|a Texas A&M University
|b College Station
|c Electronic Resources
|s evans_pda
|d Available Online
|t 0
|e TA418.76 .B57 2016
|h Library of Congress classification
|
| 998 |
f |
f |
|a TA418.76 .B57 2016
|t 0
|l Available Online
|